TÜRKİYE'Yİ GEZİYORUM 6 LEVENT ESKİŞEHİR'DE (Kayıt no. 1281432)

MARC ayrıntıları
000 -LEADER
sabit uzunluktaki kontrol alanı 00285nam a2200097Ia 4500
001 - KONTROL NUMARASI
kontrol alanı 1281432
005 - EN SON İŞLEMİN TARİH VE ZAMANI
kontrol alanı 20260417163148.0
008 - SABİT-UZUNLUKTA VERİ ÖĞELERİ--GENEL BİLGİ
sabit uzunluktaki kontrol alanı 260417s9999 xx 000 0 und d
245 #0 - ESER / YAZAR
ESER ADI TÜRKİYE'Yİ GEZİYORUM 6 LEVENT ESKİŞEHİR'DE
Yazar Adı MUSTAFA ORAKÇI
260 ## - YAYIN, DAĞITIM, VB.
YAYIN EVİ TİMAŞ ÇOCUK YAYINLARI
Mevcut
Düşüm durumu Kayıp durumu Hasar Durumu Ödünç verilmez Ana kütüphane Geçerli Kütüphane Edinilen tarih Toplam ödünç verme sayısı Barkod Son görüntüleme tarihi Fiyatın geçerli olmaya başladığı tarih Koha materyal türü
        NESRİN VE AYŞEGÜL KARDEŞLER İLKOKULU NESRİN VE AYŞEGÜL KARDEŞLER İLKOKULU 17.04.2026   11074183 17.04.2026 17.04.2026 Kitaplar
Gemini Bilgi Teknolojileri A.Ş. tarafından düzenlenmiştir.